Lưới trời ai dệt Tiểu luận về khoa học và triết học
में बचाया:
| मुख्य लेखक: | |
|---|---|
| स्वरूप: | पुस्तक |
| भाषा: | Undetermined |
| प्रकाशित: |
Thành phố Hồ Chí Minh
Trẻ
2004
|
| विषय: | |
| टैग : |
टैग जोड़ें
कोई टैग नहीं, इस रिकॉर्ड को टैग करने वाले पहले व्यक्ति बनें!
|
| Thư viện lưu trữ: | Trung tâm Học liệu Trường Đại học Cần Thơ |
|---|
| LEADER | 00650nam a2200229Ia 4500 | ||
|---|---|---|---|
| 001 | CTU_64552 | ||
| 008 | 210402s9999 xx 000 0 und d | ||
| 020 | |b 38000 | ||
| 020 | |c 38000 | ||
| 082 | |a 530.01 | ||
| 082 | |b B102 | ||
| 100 | |a Nguyễn, Tường Bách | ||
| 245 | 0 | |a Lưới trời ai dệt | |
| 245 | 0 | |b Tiểu luận về khoa học và triết học | |
| 245 | 0 | |c Nguyễn Tường Bách | |
| 260 | |a Thành phố Hồ Chí Minh | ||
| 260 | |b Trẻ | ||
| 260 | |c 2004 | ||
| 650 | |a Science | ||
| 650 | |x Philosophy | ||
| 904 | |i Minh | ||
| 980 | |a Trung tâm Học liệu Trường Đại học Cần Thơ | ||